Sapiens (Record no. 44900)

MARC details
000 -Etiqueta do registo
Valores 00448nam a2200169 4500
100 ## - Dados gerais de processamento
Dados gerais 20251007 pory50
101 ## - Língua de publicação
Língua por
102 ## - País de publicação
País PT
200 ## - Titulo e menção de responsabilidade
Título próprio Sapiens
Informação de outro título desafie os seus conhecimentos
Primeira menção de responsabilidade texto e imags Mouter
Outras menções de responsabilidade coord. ed. Simón Gomez
-- ed. Ana Marques
210 ## - Publicação
Local de publicação [S.l.]
Nome do editor dist. Visão
-- imp. Norprint
Data de publicação 2015
215 ## - Descrição física 
Paginação / Volumes v.
225 ## - Colecção 
Título próprio da colecção Sapiens
675 ## - CDU
Notação 008(03)
801 ## - Fonte de origem
País PT
Regras de catalogação RPC
990 ## - Elementos KOHA
Tipo de documento Livro
Holdings
Aquisição Empréstimo Código de barras Cota Permissão de empréstimo Tipo de documento Nota relativa ao exemplar
Biblioteca Escolar Doutor Hernâni Cidade Biblioteca Escolar Doutor Hernâni Cidade 81032 008(03) MOU ART   Livro Arte
Biblioteca Escolar Doutor Hernâni Cidade Biblioteca Escolar Doutor Hernâni Cidade 81033 008(03) MOU CIE   Livro Ciência

Powered by Koha